000 01548cam a2200313 4500
001 L159478
008 051206n2016 000 0 eng u
020 _a9781848064508
035 _a(Sirsi) u159478
041 0 _aeng
100 1 _aSuttie, Ed
245 0 0 _aAsset management for environmental conditions - retrofitting strategies for simple buildings
260 _aWatford
_bBRE
_c2016
300 _a12p.
_bill.
_c30cm.
490 0 _aBRE Information Paper
_v (IP 2/16)
520 _aReviews the management of simple buildings, such as warehouses, for environmental conditions. The demands for environmental conditions in UK warehousing and retail sheds were researched and issues of user comfort and specific product categories (e.g. grain, spirit maturation, palletised and racking storage units, and depots) were explored. This paper considers temperature and humidity control, types of heating systems, retrofit measures, lighting recommendations, and benefits of retrofit or replacement. A specific case study of whisky maturation warehouses is used to highlight the ability to measure and model environmental conditions and the significance of their impact on process.
650 2 4 _aENVIRONMENTAL CONTROL
650 2 4 _aTEMPERATURE CONTROL
650 2 4 _aHEATING SYSTEMS
650 2 4 _aLIGHTING
651 4 _aENGLAND AND WALES
690 _aEnvironment
_96238
700 1 _aAbela, Alan
700 1 _aDengel, Andy
700 1 _aHannah, Graeme
700 1 _aMcMillan, Leanne
700 1 _aTicleanu, Cosmin Dr
942 _n0
999 _c115938
_d115938